000 00398nam a2200169Ia 4500
008 221030s9999 xx 000 0 und d
020 _a8120322541
041 _aEnglish
082 _a105.23
_bGar
100 _aV. K. Garg
245 0 _aEnterprise Resource planning
260 _bPHI
_aNew Delhi
_c2004
300 _a185
650 _aManagement
700 _aN. K. Venkitakrishnan
942 _cBK
999 _c2157
_d2157